00548nam a2200193 a 4500001001300000003000900013005001700022008004100039020001000080082001300090100001900103245008000122260005500202300000900257500003500266505001800301650001600319700001900335nice12345678IN_TiNIC20260116012129.0050524s1977 usaa grp 000 0 eng  ac10000a239bMCD aMcdowell, Josh aEvidence That Demands a Verdict, Historical Evidences for the Christian Fai aUSAbCampus Crusade for Christ Internationalc1977 a387p aincludes index and biblioraphy2 aSubject Index aApologetics1 aMcdowell, Josh